| 000 | 01155aab a2200205 i 4500 | ||
|---|---|---|---|
| 001 | 768714001 | ||
| 003 | CO-MdFUSB | ||
| 005 | 20240320122406.0 | ||
| 008 | 240319t1992 ag ||||| |||| 00| 0 spa d | ||
| 040 |
_bspa _cCO-MdFUSB |
||
| 041 | _aspa | ||
| 100 | 1 |
_aJorquera, Ana _eautor |
|
| 245 | 1 | 3 |
_aLos niños marginados _c/ Ana Jorquera |
| 300 |
_aVolumen 12, número 2 (abril - julio, 1993), páginas 6 - 9 _c; 27 cm |
||
| 520 | _aLos niños marginados son aquellos que no tienen recursos económicos ni culturales; aquellos que no poseen hogar o que, si lo tienen, viven hacinados entre adultos que abusan de ellos; aquellos que piden limosnas en la calle y son carne de prostitución, inadaptación, delincuencia y hasta presidio; aquellos que no tienen esperanza y cuyo futuro es similar o aun peor que el de sus mayores. En este artículo se trabajarán algunas preguntas que surgen de la necesidad que se evidencia al momento de trabajar en comunidades. | ||
| 653 | _aInfancia | ||
| 653 | _aMarginación social | ||
| 773 | 0 |
_tIglesia y Misión _049402 _959656 _gVolumen 12, número 2 (abril - julio, 1993), páginas 6 - 9 _qpáginas 6 |
|
| 942 | _cANA | ||
| 999 |
_c51993 _d51993 |
||